<?xml version="1.0" encoding="UTF-8"?>
<record
    xmlns:xsi="http://www.w3.org/2001/XMLSchema-instance"
    xsi:schemaLocation="http://www.loc.gov/MARC21/slim http://www.loc.gov/standards/marcxml/schema/MARC21slim.xsd"
    xmlns="http://www.loc.gov/MARC21/slim">

  <leader>00753nam a22001577a 4500</leader>
  <controlfield tag="003">OSt</controlfield>
  <controlfield tag="005">20160223101654.0</controlfield>
  <controlfield tag="008">160223b        xxu||||| |||| 00| 0 eng d</controlfield>
  <datafield tag="040" ind1=" " ind2=" ">
    <subfield code="c">RUA </subfield>
  </datafield>
  <datafield tag="082" ind1=" " ind2=" ">
    <subfield code="a">MNR KHO 2013 B425 Or.1</subfield>
  </datafield>
  <datafield tag="100" ind1=" " ind2=" ">
    <subfield code="9">7399</subfield>
    <subfield code="a">KHOV VENGSONG ; &#x1781;&#x17BC;&#x179C; &#x179C;&#x17C1;&#x1784;&#x179F;&#x17BB;&#x1784;</subfield>
  </datafield>
  <datafield tag="245" ind1=" " ind2=" ">
    <subfield code="a">Study of flooded forest at tonle sap great lake in siemreap , kampong thom, pursat and bonteay meanchey province , &#x179F;&#x17B7;&#x1780;&#x17D2;&#x179F;&#x17B6;&#x1796;&#x17B8;&#x1796;&#x17D2;&#x179A;&#x17C3;&#x179B;&#x17B7;&#x1785;&#x1791;&#x17B9;&#x1780; &#x1793;&#x17C5;&#x1794;&#x17B9;&#x1784;&#x1791;&#x1793;&#x17D2;&#x179B;&#x17C1;&#x179F;&#x17B6;&#x1794;&#x1780;&#x17D2;&#x1793;&#x17BB;&#x1784;&#x1781;&#x17C1;&#x178F;&#x17D2;&#x178F;&#x179F;&#x17C0;&#x1798;&#x179A;&#x17B6;&#x1794; &#x1780;&#x17C6;&#x1796;&#x1784;&#x17CB;&#x1792;&#x17C6; &#x1796;&#x17C4;&#x1792;&#x17B7;&#x17CD;&#x179F;&#x17B6;&#x178F;&#x17CB; &#x1793;&#x17B7;&#x1784;&#x1794;&#x1793;&#x17D2;&#x1791;&#x17B6;&#x1799;&#x1798;&#x17B6;&#x1793;&#x1787;&#x17D0;&#x1799;</subfield>
  </datafield>
  <datafield tag="260" ind1=" " ind2=" ">
    <subfield code="a">Phnom Penh </subfield>
    <subfield code="b">RUA</subfield>
    <subfield code="c">2013 </subfield>
  </datafield>
  <datafield tag="300" ind1=" " ind2=" ">
    <subfield code="a">xii ; 58p.</subfield>
    <subfield code="b">ill.</subfield>
    <subfield code="c">29cm.</subfield>
  </datafield>
  <datafield tag="942" ind1=" " ind2=" ">
    <subfield code="2">ddc</subfield>
    <subfield code="c">MNR</subfield>
  </datafield>
  <datafield tag="999" ind1=" " ind2=" ">
    <subfield code="c">6982</subfield>
    <subfield code="d">6982</subfield>
  </datafield>
  <datafield tag="952" ind1=" " ind2=" ">
    <subfield code="0">0</subfield>
    <subfield code="1">0</subfield>
    <subfield code="2">ddc</subfield>
    <subfield code="4">0</subfield>
    <subfield code="6">MNR_KHO_2013_000000000000000_B425_OR_1</subfield>
    <subfield code="7">0</subfield>
    <subfield code="9">40601</subfield>
    <subfield code="a">LBB</subfield>
    <subfield code="b">LBB</subfield>
    <subfield code="c">B425</subfield>
    <subfield code="d">2016-02-23</subfield>
    <subfield code="l">1</subfield>
    <subfield code="o">MNR KHO 2013 B425 Or.1</subfield>
    <subfield code="p">RUA052135</subfield>
    <subfield code="r">2019-03-06</subfield>
    <subfield code="s">2019-02-08</subfield>
    <subfield code="w">2016-02-23</subfield>
    <subfield code="y">MNR</subfield>
  </datafield>
  <datafield tag="952" ind1=" " ind2=" ">
    <subfield code="0">0</subfield>
    <subfield code="1">0</subfield>
    <subfield code="2">ddc</subfield>
    <subfield code="4">0</subfield>
    <subfield code="6">MNR_KHO_2013_000000000000000_B425_OR_2</subfield>
    <subfield code="7">0</subfield>
    <subfield code="9">40602</subfield>
    <subfield code="a">LBB</subfield>
    <subfield code="b">LBB</subfield>
    <subfield code="c">B425</subfield>
    <subfield code="d">2016-02-23</subfield>
    <subfield code="l">1</subfield>
    <subfield code="o">MNR KHO 2013 B425 Or.2</subfield>
    <subfield code="p">RUA051413</subfield>
    <subfield code="r">2018-02-05</subfield>
    <subfield code="s">2018-01-19</subfield>
    <subfield code="w">2016-02-23</subfield>
    <subfield code="y">MNR</subfield>
  </datafield>
  <datafield tag="952" ind1=" " ind2=" ">
    <subfield code="0">0</subfield>
    <subfield code="1">0</subfield>
    <subfield code="2">ddc</subfield>
    <subfield code="4">0</subfield>
    <subfield code="6">MNR_KHO_2013_000000000000000_B425_OR_3</subfield>
    <subfield code="7">0</subfield>
    <subfield code="9">40603</subfield>
    <subfield code="a">LBB</subfield>
    <subfield code="b">LBB</subfield>
    <subfield code="c">B425</subfield>
    <subfield code="d">2016-02-23</subfield>
    <subfield code="l">1</subfield>
    <subfield code="m">1</subfield>
    <subfield code="o">MNR KHO 2013 B425 Or.3</subfield>
    <subfield code="p">RUA052267</subfield>
    <subfield code="r">2016-04-04</subfield>
    <subfield code="s">2016-02-27</subfield>
    <subfield code="w">2016-02-23</subfield>
    <subfield code="y">MNR</subfield>
  </datafield>
  <datafield tag="952" ind1=" " ind2=" ">
    <subfield code="0">0</subfield>
    <subfield code="1">0</subfield>
    <subfield code="2">ddc</subfield>
    <subfield code="4">0</subfield>
    <subfield code="6">MNR_KHO_2013_000000000000000_B425_OR_4</subfield>
    <subfield code="7">0</subfield>
    <subfield code="9">40604</subfield>
    <subfield code="a">LBB</subfield>
    <subfield code="b">LBB</subfield>
    <subfield code="c">B425</subfield>
    <subfield code="d">2016-02-23</subfield>
    <subfield code="o">MNR KHO 2013 B425 Or.4</subfield>
    <subfield code="p">RUA051268</subfield>
    <subfield code="r">2016-02-23</subfield>
    <subfield code="w">2016-02-23</subfield>
    <subfield code="y">MNR</subfield>
  </datafield>
  <datafield tag="952" ind1=" " ind2=" ">
    <subfield code="0">0</subfield>
    <subfield code="1">0</subfield>
    <subfield code="2">ddc</subfield>
    <subfield code="4">0</subfield>
    <subfield code="6">MNR_KHO_2013_000000000000000_B425_OR_5</subfield>
    <subfield code="7">0</subfield>
    <subfield code="9">40605</subfield>
    <subfield code="a">LBB</subfield>
    <subfield code="b">LBB</subfield>
    <subfield code="c">B425</subfield>
    <subfield code="d">2016-02-23</subfield>
    <subfield code="o">MNR KHO 2013 B425 Or.5</subfield>
    <subfield code="p">RUA051290</subfield>
    <subfield code="r">2016-02-23</subfield>
    <subfield code="w">2016-02-23</subfield>
    <subfield code="y">MNR</subfield>
  </datafield>
  <datafield tag="952" ind1=" " ind2=" ">
    <subfield code="0">0</subfield>
    <subfield code="1">0</subfield>
    <subfield code="2">ddc</subfield>
    <subfield code="4">0</subfield>
    <subfield code="6">MNR_KHO_2013_000000000000000_B425_OR_6</subfield>
    <subfield code="7">0</subfield>
    <subfield code="9">40606</subfield>
    <subfield code="a">LBB</subfield>
    <subfield code="b">LBB</subfield>
    <subfield code="c">B425</subfield>
    <subfield code="d">2016-02-23</subfield>
    <subfield code="o">MNR KHO 2013 B425 Or.6</subfield>
    <subfield code="p">RUA051449</subfield>
    <subfield code="r">2016-02-23</subfield>
    <subfield code="w">2016-02-23</subfield>
    <subfield code="y">MNR</subfield>
  </datafield>
  <datafield tag="952" ind1=" " ind2=" ">
    <subfield code="0">0</subfield>
    <subfield code="1">0</subfield>
    <subfield code="2">ddc</subfield>
    <subfield code="4">0</subfield>
    <subfield code="6">MNR_KHO_2013_000000000000000_B425_OR_7</subfield>
    <subfield code="7">0</subfield>
    <subfield code="9">40607</subfield>
    <subfield code="a">LBB</subfield>
    <subfield code="b">LBB</subfield>
    <subfield code="c">B425</subfield>
    <subfield code="d">2016-02-23</subfield>
    <subfield code="l">1</subfield>
    <subfield code="o">MNR KHO 2013 B425 Or.7</subfield>
    <subfield code="p">RUA051865</subfield>
    <subfield code="r">2016-09-26</subfield>
    <subfield code="s">2016-08-08</subfield>
    <subfield code="w">2016-02-23</subfield>
    <subfield code="y">MNR</subfield>
  </datafield>
  <datafield tag="952" ind1=" " ind2=" ">
    <subfield code="0">0</subfield>
    <subfield code="1">0</subfield>
    <subfield code="2">ddc</subfield>
    <subfield code="4">0</subfield>
    <subfield code="6">MNR_KHO_2013_000000000000000_B425_OR_8</subfield>
    <subfield code="7">0</subfield>
    <subfield code="9">40608</subfield>
    <subfield code="a">LBB</subfield>
    <subfield code="b">LBB</subfield>
    <subfield code="c">B425</subfield>
    <subfield code="d">2016-02-23</subfield>
    <subfield code="l">3</subfield>
    <subfield code="m">1</subfield>
    <subfield code="o">MNR KHO 2013 B425 Or.8</subfield>
    <subfield code="p">RUA051014</subfield>
    <subfield code="r">2020-10-23</subfield>
    <subfield code="s">2020-02-11</subfield>
    <subfield code="w">2016-02-23</subfield>
    <subfield code="y">MNR</subfield>
  </datafield>
</record>
